[Event "67. Campionato Italiano Assoluto"]
[Site "Martina Franca (ITA)"]
[Date "2007.11.28"]
[Round "5.3"]
[White "Borgo, Giulio"]
[Black "Garcia Palermo, Carlos H"]
[Result "1-0"]
[WhiteElo "2440"]
[BlackElo "2459"]
[PlyCount "109"]
[EventDate "2007.11.24"]
[EventType "tourn"]
[EventRounds "11"]
[EventCountry "ITA"]
[Source "lmi"]
[SourceDate "2007.11.24"]

1. e4 c6 2. d4 d5 3. Nd2 dxe4 4. Nxe4 Bf5 5. Ng3 Bg6 6. h4 h6 7. Nh3 Nf6 8. Nf4
Bh7 9. Bc4 e6 10. c3 Bd6 11. Nfh5 O-O 12. Qf3 Nbd7 13. Be3 Bxg3 14. Nxf6+ Qxf6
15. Qxg3 Nb6 16. Bb3 a5 17. a4 Nd5 18. O-O Rfd8 19. Rad1 Ne7 20. Qf4 Qxf4 21.
Bxf4 Nd5 22. Bh2 f6 23. Rfe1 Kf7 24. f3 h5 25. Kf2 Bf5 26. Rd2 b5 27. Rc1 Ra7
28. Bd1 Nb6 29. axb5 cxb5 30. b3 e5 31. Be2 a4 32. bxa4 bxa4 33. Rb2 Nd7 34.
Bc4+ Be6 35. d5 Bf5 36. Ke2 a3 37. Rd2 Rb8 38. Bg1 Ra5 39. Ba2 Rb2 40. c4 Nc5
41. Bxc5 Rxc5 42. Rc3 Ra5 43. Ke1 Bb1 44. Rxb2 axb2 45. Bxb1 Ra1 46. Kd2 Rxb1
47. Kc2 Rh1 48. Kxb2 Rxh4 49. Kb3 g5 50. Kb4 Rh2 51. c5 Rxg2 52. c6 Rb2+ 53.
Kc5 Ke7 54. d6+ Ke6 55. Rd3 1-0

[Event "67. Campionato Italiano Assoluto"]
[Site "Martina Franca (ITA)"]
[Date "2007.11.28"]
[Round "5.4"]
[White "Rombaldoni, Denis"]
[Black "Manca, Federico"]
[Result "1/2-1/2"]
[WhiteElo "2402"]
[BlackElo "2405"]
[PlyCount "124"]
[EventDate "2007.11.24"]
[EventType "tourn"]
[EventRounds "11"]
[EventCountry "ITA"]
[Source "lmi"]
[SourceDate "2007.11.24"]

1. c4 e6 2. Nf3 d5 3. g3 c5 4. Bg2 Nc6 5. O-O Nf6 6. b3 Be7 7. Bb2 O-O 8. e3 b6
9. Nc3 Bb7 10. cxd5 Nxd5 11. Nxd5 Qxd5 12. d4 Nb4 13. Nh4 Qd7 14. Bxb7 Qxb7 15.
dxc5 Qe4 16. Qd4 Qxd4 17. exd4 bxc5 18. dxc5 Bxc5 19. Nf3 Rfd8 20. Ba3 Rac8 21.
Rad1 Nd5 22. Bb2 Nb4 23. Ba3 Nd5 24. Bb2 Nb4 25. Rxd8+ Rxd8 26. Ba3 Rd5 27.
Bxb4 Bxb4 28. Rc1 g6 29. Kg2 Bc5 30. Rc2 Kg7 31. Nd2 f5 32. Nc4 Kf6 33. f4 g5
34. Ne5 Bd6 35. fxg5+ Kxe5 36. Re2+ Kd4 37. Rxe6 Bc5 38. Kf3 Rd7 39. Kf4 Rd5
40. Rh6 Bd6+ 41. Kf3 Ke5 42. Rxh7 Rd2 43. Rh8 Rd3+ 44. Ke2 Rc3 45. Re8+ Kd5 46.
g6 Be5 47. Re7 Rc6 48. g7 Rg6 49. Rxa7 Bxg7 50. Kf3 Be5 51. Ra5+ Kd4 52. Ra4+
Kd5 53. Rc4 Rh6 54. Rc2 Ra6 55. Rd2+ Ke6 56. g4 Rc6 57. gxf5+ Kxf5 58. Re2 Rc3+
59. Kg2 Rc1 60. Rf2+ Bf4 61. Rb2 Be5 62. Rf2+ Bf4 1/2-1/2

[Event "67. Campionato Italiano Assoluto"]
[Site "Martina Franca (ITA)"]
[Date "2007.11.28"]
[Round "5.5"]
[White "Brunello, Sabino"]
[Black "Caruana, Fabiano"]
[Result "1-0"]
[WhiteElo "2489"]
[BlackElo "2594"]
[PlyCount "95"]
[EventDate "2007.11.24"]
[EventType "tourn"]
[EventRounds "11"]
[EventCountry "ITA"]
[Source "lmi"]
[SourceDate "2007.11.24"]

1. d4 d5 2. c4 c6 3. Nf3 Nf6 4. Qb3 e6 5. Bg5 Nbd7 6. Nc3 Be7 7. e3 O-O 8. Rc1
a6 9. cxd5 cxd5 10. Bd3 b5 11. O-O Bb7 12. a4 b4 13. Ne2 Bd6 14. Bf4 Bxf4 15.
Nxf4 Qb6 16. Rc2 Rfc8 17. Rfc1 a5 18. Bb5 Rxc2 19. Rxc2 Rc8 20. Nd3 Rc7 21.
Nfe5 Nxe5 22. Nxe5 Bc8 23. f3 g6 24. Qd3 Kg7 25. Qd1 Bd7 26. Bxd7 Nxd7 27. Nxd7
Rxd7 28. Qc1 Qa6 29. Kf2 Qd6 30. g3 Re7 31. Rc8 Qa6 32. Qc5 h5 33. Rc6 Qa8 34.
b3 h4 35. gxh4 Re8 36. Qd6 Rc8 37. Rc5 Qb7 38. Rxa5 Rc2+ 39. Kg3 Rc3 40. Rc5
Qa8 41. Qe5+ f6 42. Qxe6 Qb8+ 43. Kh3 Rxc5 44. dxc5 d4 45. Qd7+ Kh6 46. Qxd4
Qc8+ 47. Kg3 Qe6 48. Qxb4 1-0

[Event "67. Campionato Italiano Assoluto"]
[Site "Martina Franca (ITA)"]
[Date "2007.11.28"]
[Round "5.6"]
[White "Contin, Daniel"]
[Black "Bruno, Fabio"]
[Result "0-1"]
[WhiteElo "2318"]
[BlackElo "2445"]
[PlyCount "140"]
[EventDate "2007.11.24"]
[EventType "tourn"]
[EventRounds "11"]
[EventCountry "ITA"]
[Source "lmi"]
[SourceDate "2007.11.24"]

1. Nf3 d5 2. c4 e6 3. g3 Bd6 4. d4 c6 5. Nbd2 f5 6. Bg2 Nf6 7. b3 Nbd7 8. Bb2
O-O 9. O-O Qe7 10. Ne5 a5 11. Qc2 Ne4 12. Ndf3 Ndf6 13. Nd3 b6 14. Nfe5 Bb7 15.
f3 Ng5 16. c5 bxc5 17. Nxc5 Bxc5 18. Qxc5 Qxc5 19. dxc5 a4 20. b4 a3 21. Bd4
Nf7 22. Rfc1 Nxe5 23. Bxe5 Ba6 24. e3 Rf7 25. Rc3 Bc4 26. Bf1 Bxf1 27. Kxf1 Rb7
28. Bxf6 gxf6 29. Rb1 Kf7 30. Ke2 e5 31. Rcb3 Rb5 32. Kd2 Ke6 33. Kc3 h5 34.
Rg1 Rb7 35. Rgb1 Rbb8 36. Re1 h4 37. Rbb1 Rh8 38. Rh1 Rag8 39. gxh4 Rxh4 40.
Kb3 Rh3 41. Rbf1 Ra8 42. Rf2 Rh4 43. Rd1 Rb8 44. f4 Rh3 45. Rd3 Rh7 46. Kxa3
Ra7+ 47. Kb3 Rba8 48. Rb2 Ra3+ 49. Kc2 Rxa2 50. Rdb3 R2a7 51. Kd3 Rb7 52. h4
Rh8 53. b5 cxb5 54. Rxb5 Rxb5 55. Rxb5 Rxh4 56. Rb6+ Ke7 57. Rb7+ Kd8 58. Rf7
d4 59. Rxf6 dxe3 60. fxe5 Re4 61. Ke2 Rxe5 62. Rf7 Ke8 63. Rh7 f4 64. c6 Kd8
65. Rf7 Re4 66. Rd7+ Kc8 67. Rd1 Rc4 68. Rd6 Rc2+ 69. Kd1 e2+ 70. Ke1 f3 0-1

[Event "67. Campionato Italiano Assoluto"]
[Site "Martina Franca (ITA)"]
[Date "2007.11.29"]
[Round "6.1"]
[White "Godena, Michele"]
[Black "Bruno, Fabio"]
[Result "1/2-1/2"]
[WhiteElo "2535"]
[BlackElo "2445"]
[PlyCount "159"]
[EventDate "2007.11.24"]
[EventType "tourn"]
[EventRounds "11"]
[EventCountry "ITA"]
[Source "lmi"]
[SourceDate "2007.11.24"]

1. e4 c5 2. Nf3 e6 3. c3 d5 4. exd5 exd5 5. d4 Nc6 6. Bb5 Bd6 7. dxc5 Bxc5 8.
O-O Nge7 9. Nbd2 O-O 10. Nb3 Bd6 11. Bd3 Re8 12. Re1 Bd7 13. Bg5 Qc7 14. h3 f6
15. Be3 Ne5 16. Bc2 a6 17. Nbd2 Be6 18. Nd4 Bf7 19. Bf4 Rad8 20. Bg3 g6 21. Nf1
N7c6 22. Ne3 Qb6 23. Nxc6 bxc6 24. Bb3 Bf8 25. Qd2 Nc4 26. Bxc4 dxc4 27. Qc2
Rd3 28. Kh2 h5 29. Nxc4 Qd8 30. Rxe8 Bxe8 31. Ne3 Bf7 32. b3 g5 33. Rd1 Bg6 34.
Kg1 Rxd1+ 35. Qxd1 Qxd1+ 36. Nxd1 Bb1 37. b4 Bxa2 38. f3 c5 39. Be1 Kf7 40. Nf2
Bb1 41. Ne4 cxb4 42. cxb4 Bd3 43. Bc3 Be7 44. Nc5 Bb5 45. Bd4 f5 46. g4 Kg6 47.
Kf2 Bd6 48. Be3 Bc4 49. Nd7 h4 50. Bd4 Bg3+ 51. Kg2 Bb5 52. Ne5+ Kf6 53. Nd3+
Ke6 54. Nc5+ Kd5 55. Bf6 fxg4 56. Bxg5 gxf3+ 57. Kxf3 Ke5 58. Bd8 Kf5 59. Kg2
Be1 60. Nb3 Ke4 61. Be7 Bc4 62. Nc5+ Ke3 63. Nd7 Ke2 64. Nf6 Bb5 65. Bd6 Bc6+
66. Kh2 Bf2 67. Ng4 Bd4 68. Be7 Bc3 69. Bxh4 Bxb4 70. Bf6 a5 71. h4 Be8 72. Be5
a4 73. Nf6 Bc6 74. h5 Bd2 75. Bd6 Bc3 76. Be7 Bd2 77. Kg3 Bf3 78. Kh4 Bf4 79.
Bf8 Be5 80. Kg5 1/2-1/2

[Event "67. Campionato Italiano Assoluto"]
[Site "Martina Franca (ITA)"]
[Date "2007.11.29"]
[Round "6.2"]
[White "Caruana, Fabiano"]
[Black "Contin, Daniel"]
[Result "1-0"]
[WhiteElo "2594"]
[BlackElo "2318"]
[PlyCount "77"]
[EventDate "2007.11.24"]
[EventType "tourn"]
[EventRounds "11"]
[EventCountry "ITA"]
[Source "lmi"]
[SourceDate "2007.11.24"]

1. e4 e6 2. d4 d5 3. Nc3 Bb4 4. e5 c5 5. a3 Bxc3+ 6. bxc3 Ne7 7. Qg4 O-O 8. Bd3
f5 9. exf6 Rxf6 10. Bg5 Nd7 11. Qh4 h6 12. Bxf6 Nxf6 13. dxc5 e5 14. f3 Qc7 15.
Ne2 Qxc5 16. Qb4 Qc7 17. O-O Be6 18. Rae1 a5 19. Qb5 Nc8 20. Qb2 Nb6 21. Rb1
Nfd7 22. f4 Qc5+ 23. Kh1 Rf8 24. fxe5 Rxf1+ 25. Rxf1 Nxe5 26. Qb5 Nxd3 27. Qe8+
Kh7 28. cxd3 Bd7 29. Qe5 Kg8 30. Ng3 Nc8 31. Nh5 Qe7 32. Qxd5+ Be6 33. Qe5 Bg4
34. Qxe7 Nxe7 35. Ng3 Nd5 36. c4 Ne3 37. Rb1 Nc2 38. Rxb7 Nxa3 39. Ra7 1-0

[Event "67. Campionato Italiano Assoluto"]
[Site "Martina Franca (ITA)"]
[Date "2007.11.29"]
[Round "6.3"]
[White "Manca, Federico"]
[Black "Brunello, Sabino"]
[Result "1-0"]
[WhiteElo "2405"]
[BlackElo "2489"]
[PlyCount "104"]
[EventDate "2007.11.24"]
[EventType "tourn"]
[EventRounds "11"]
[EventCountry "ITA"]
[Source "lmi"]
[SourceDate "2007.11.24"]

1. e4 e5 2. Nf3 Nc6 3. d4 exd4 4. Nxd4 Bc5 5. Be3 Qf6 6. c3 Nge7 7. g3 d5 8.
Bg2 dxe4 9. O-O Bxd4 10. cxd4 Bf5 11. Nc3 O-O-O 12. f3 exf3 13. Qxf3 Bg6 14.
Qxf6 gxf6 15. d5 Nb4 16. d6 Nec6 17. dxc7 Kxc7 18. Rxf6 Rd3 19. Bf4+ Kd7 20.
Bf1 Rd4 21. Be3 Rd6 22. Bh3+ Ke7 23. Rf2 Nd3 24. Re2 Nce5 25. Bxa7 f6 26. Rf1
b6 27. Bxb6 Bh5 28. Re4 Bg6 29. Ra4 Re8 30. Bc7 Nxb2 31. Bxd6+ Kxd6 32. Rxf6+
Kc5 33. Ra5+ Kb4 34. Rb5+ Kxc3 35. Rb3+ Kc2 36. Rf2+ Kc1 37. Rbxb2 Nf3+ 38.
Rxf3 Kxb2 39. Bf5 Bf7 40. Bxh7 Bxa2 41. g4 Bd5 42. Rg3 Re1+ 43. Kf2 Rh1 44. h3
Rh2+ 45. Ke3 Kc3 46. Bf5 Bc4 47. g5 Re2+ 48. Kf4+ Kd4 49. g6 Rf2+ 50. Kg5 Ke5
51. Re3+ Kd6 52. g7 Kd5 1-0

[Event "67. Campionato Italiano Assoluto"]
[Site "Martina Franca (ITA)"]
[Date "2007.11.29"]
[Round "6.4"]
[White "Garcia Palermo, Carlos H"]
[Black "Rombaldoni, Denis"]
[Result "1-0"]
[WhiteElo "2459"]
[BlackElo "2402"]
[PlyCount "69"]
[EventDate "2007.11.24"]
[EventType "tourn"]
[EventRounds "11"]
[EventCountry "ITA"]
[Source "lmi"]
[SourceDate "2007.11.24"]

1. d4 d5 2. Nf3 e6 3. c4 c6 4. e3 Bd6 5. Bd3 f5 6. O-O Nf6 7. b3 Qe7 8. Nc3 O-O
9. Bb2 Ne4 10. Ne2 Nd7 11. Ne5 Rf6 12. f3 Ng5 13. Qc2 Rh6 14. Rac1 Nf7 15. f4
Nf6 16. Rf3 Ne4 17. Bxe4 fxe4 18. Rg3 Rh5 19. Nc3 Nh6 20. cxd5 Bxe5 21. dxc6
Bf6 22. Nxe4 Nf5 23. Rf3 Nh4 24. Rf2 bxc6 25. g4 Rd5 26. g5 c5 27. gxf6 gxf6
28. dxc5 Ba6 29. Nxf6+ Kf8 30. Nxd5 exd5 31. Qc3 Qf7 32. Qf6 Qxf6 33. Bxf6 Nf5
34. Bd4 Nh4 35. h3 1-0

[Event "67. Campionato Italiano Assoluto"]
[Site "Martina Franca (ITA)"]
[Date "2007.11.29"]
[Round "6.6"]
[White "Mogranzini, Roberto"]
[Black "Bonafede, Alessandro"]
[Result "1-0"]
[WhiteElo "2415"]
[BlackElo "2279"]
[PlyCount "57"]
[EventDate "2007.11.24"]
[EventType "tourn"]
[EventRounds "11"]
[EventCountry "ITA"]
[Source "lmi"]
[SourceDate "2007.11.24"]

1. e4 c5 2. Nf3 Nc6 3. Nc3 e5 4. Bc4 d6 5. d3 Be7 6. Nd2 Nf6 7. Nf1 Bg4 8. f3
Be6 9. Ne3 O-O 10. O-O Rb8 11. a4 a6 12. Ned5 Bxd5 13. Bxd5 Nxd5 14. Nxd5 Bg5
15. Bxg5 Qxg5 16. c3 Rfd8 17. f4 exf4 18. Rxf4 Ne7 19. Qg4 Qe5 20. Nf6+ Kh8 21.
Nh5 g6 22. Nf6 Ng8 23. Raf1 Qe6 24. Qh4 h5 25. Nxg8 Kxg8 26. Rf6 Qd7 27. Qf4
Rf8 28. Qxd6 Rbd8 29. Rxg6+ 1-0

[Event "67. Campionato Italiano Assoluto"]
[Site "Martina Franca (ITA)"]
[Date "2007.11.30"]
[Round "7.1"]
[White "Bonafede, Alessandro"]
[Black "Godena, Michele"]
[Result "0-1"]
[WhiteElo "2279"]
[BlackElo "2535"]
[PlyCount "66"]
[EventDate "2007.11.24"]
[EventType "tourn"]
[EventRounds "11"]
[EventCountry "ITA"]
[Source "lmi"]
[SourceDate "2007.11.24"]

1. e4 e5 2. Nf3 Nc6 3. Bb5 Nf6 4. O-O Bc5 5. c3 O-O 6. d4 Bb6 7. Bg5 h6 8. Bh4
d6 9. Qd3 Qe7 10. Nbd2 Nb8 11. Nc4 c6 12. Ba4 Bc7 13. Bc2 Nbd7 14. Ne3 Re8 15.
Rfe1 Qf8 16. Nd2 Nh5 17. Bg3 Ndf6 18. a4 a5 19. d5 Nxg3 20. hxg3 Bb6 21. Ndc4
Bc5 22. Red1 g6 23. Qe2 h5 24. Rd2 Kg7 25. Qd1 Bg4 26. Qf1 Qe7 27. Kh1 Rh8 28.
Kg1 h4 29. gxh4 Rxh4 30. f3 b5 31. axb5 cxb5 32. b4 Ba7 33. g3 bxc4 0-1

[Event "67. Campionato Italiano Assoluto"]
[Site "Martina Franca (ITA)"]
[Date "2007.11.30"]
[Round "7.2"]
[White "Borgo, Giulio"]
[Black "Mogranzini, Roberto"]
[Result "1-0"]
[WhiteElo "2440"]
[BlackElo "2415"]
[PlyCount "73"]
[EventDate "2007.11.24"]
[EventType "tourn"]
[EventRounds "11"]
[EventCountry "ITA"]
[Source "lmi"]
[SourceDate "2007.11.24"]

1. Nf3 Nf6 2. c4 g6 3. g3 Bg7 4. Bg2 O-O 5. O-O d5 6. cxd5 Nxd5 7. Nc3 Nb6 8.
d3 Nc6 9. Bd2 e5 10. Ne4 a5 11. Rc1 h6 12. a3 a4 13. Qc2 Re8 14. Nc5 Qe7 15.
Rfe1 Ra7 16. e3 Rd8 17. d4 exd4 18. Nxd4 Ne5 19. b3 axb3 20. Qxb3 Nbc4 21. Bb4
Nd6 22. Ne4 Qd7 23. Nxd6 cxd6 24. Red1 Ra8 25. h3 Qe7 26. Qd5 Bf8 27. Rc3 Ra6
28. Ba5 Re8 29. Rc7 Qf6 30. Qb5 Nc6 31. Nxc6 bxc6 32. Bxc6 Re5 33. Bd5 Rxd5 34.
Qxd5 Be6 35. Bc3 Qd8 36. Qd4 f6 37. Qxf6 1-0

[Event "67. Campionato Italiano Assoluto"]
[Site "Martina Franca (ITA)"]
[Date "2007.11.30"]
[Round "7.3"]
[White "Rombaldoni, Denis"]
[Black "Genocchio, Daniele"]
[Result "1-0"]
[WhiteElo "2402"]
[BlackElo "2433"]
[PlyCount "97"]
[EventDate "2007.11.24"]
[EventType "tourn"]
[EventRounds "11"]
[EventCountry "ITA"]
[Source "lmi"]
[SourceDate "2007.11.24"]

1. d4 e6 2. c4 Bb4+ 3. Nc3 b6 4. Bd2 Nf6 5. f3 O-O 6. a3 Nh5 7. axb4 Qh4+ 8. g3
Nxg3 9. Bg5 Qh5 10. hxg3 Qxh1 11. Kf2 f6 12. Bf4 d6 13. Bg2 Qh2 14. Qd2 Qh5 15.
e4 Bb7 16. Nge2 e5 17. Be3 Nc6 18. d5 Nxb4 19. Nb5 Na6 20. Rxa6 Bxa6 21. Nxc7
Bxc4 22. Nxa8 Rxa8 23. Qb4 Bxe2 24. Kxe2 Rd8 25. Qc4 f5 26. Qc7 Qe8 27. Bg5 Rd7
28. Qc6 h6 29. Bd2 Qf7 30. Bh3 g6 31. Bxh6 Kh7 32. Bd2 Kg7 33. Bc3 Qe7 34. Bb4
Kf6 35. Kd2 Qd8 36. f4 Rh7 37. Bxd6 Kf7 38. Bc7 Qe8 39. Bf1 exf4 40. Qxe8+ Kxe8
41. Bb5+ Kf8 42. Bd6+ Kf7 43. Bxf4 fxe4 44. d6 Rh2+ 45. Kc3 Rh5 46. Bc4+ Ke8
47. g4 Rc5 48. b4 Rc8 49. Kd4 1-0

[Event "67. Campionato Italiano Assoluto"]
[Site "Martina Franca (ITA)"]
[Date "2007.11.30"]
[Round "7.4"]
[White "Brunello, Sabino"]
[Black "Garcia Palermo, Carlos H"]
[Result "1-0"]
[WhiteElo "2489"]
[BlackElo "2459"]
[PlyCount "103"]
[EventDate "2007.11.24"]
[EventType "tourn"]
[EventRounds "11"]
[EventCountry "ITA"]
[Source "lmi"]
[SourceDate "2007.11.24"]

1. e4 e6 2. d4 d5 3. Nd2 h6 4. e5 c5 5. Ngf3 Qb6 6. Bd3 cxd4 7. O-O Nc6 8. Nb3
Bd7 9. Re1 g5 10. Nfxd4 Nxd4 11. Be3 Ne7 12. Bxd4 Qc7 13. Qh5 Nc6 14. c3 a5 15.
Re3 a4 16. Nc5 Nxd4 17. Nxd7 Nc6 18. Nxf8 Kxf8 19. Rae1 a3 20. b4 d4 21. cxd4
Nxd4 22. h4 Qe7 23. hxg5 Qxg5 24. Qd1 Rd8 25. Rg3 Qe7 26. Qg4 Ke8 27. Rb1 h5
28. Qf4 h4 29. Rh3 Rh5 30. Kh1 Qg5 31. Qe4 Qxe5 32. Qxb7 Qf4 33. b5 Rc5 34. g3
Qf3+ 35. Qxf3 Nxf3 36. b6 Rcc8 37. Bb5+ Ke7 38. gxh4 Nd2 39. Rb4 Rc1+ 40. Kg2
Rb8 41. Bd3 Rc6 42. b7 Rc7 43. Ba6 f5 44. h5 Kf7 45. h6 Kg8 46. Rd3 Ne4 47.
Rbd4 Rbxb7 48. Bxb7 Rxb7 49. Rd7 Rxd7 50. Rxd7 Nc3 51. Kg3 Nxa2 52. Kh4 1-0

[Event "67. Campionato Italiano Assoluto"]
[Site "Martina Franca (ITA)"]
[Date "2007.11.30"]
[Round "7.5"]
[White "Contin, Daniel"]
[Black "Manca, Federico"]
[Result "1/2-1/2"]
[WhiteElo "2318"]
[BlackElo "2405"]
[PlyCount "83"]
[EventDate "2007.11.24"]
[EventType "tourn"]
[EventRounds "11"]
[EventCountry "ITA"]
[Source "lmi"]
[SourceDate "2007.11.24"]

1. Nf3 d5 2. b3 Nf6 3. Bb2 e6 4. e3 Be7 5. c4 O-O 6. Be2 b6 7. O-O Bb7 8. cxd5
Nxd5 9. Na3 c5 10. d3 Bf6 11. Qc1 Nc6 12. Nc4 Bxb2 13. Qxb2 Qf6 14. Nfe5 Nxe5
15. Nxe5 Rfd8 16. Bf3 Rac8 17. a3 Rc7 18. Rfc1 Ne7 19. Bxb7 Rxb7 20. b4 Ng6 21.
d4 cxd4 22. Nc6 Rc8 23. exd4 h6 24. Rc3 Rbc7 25. Rac1 Nf4 26. b5 Qg5 27. g3 Nd5
28. R3c2 Kh8 29. h4 Qf5 30. Rc4 Qe4 31. Qc2 Qf3 32. a4 Qg4 33. Qd2 Qe4 34. Re1
Qf5 35. Kh2 Qf6 36. Kg2 a6 37. Qc2 axb5 38. axb5 Ra8 39. Ra4 Rac8 40. Rc1 Ne7
41. Rc4 Qf5 42. Qa4 1/2-1/2

[Event "67. Campionato Italiano Assoluto"]
[Site "Martina Franca (ITA)"]
[Date "2007.11.30"]
[Round "7.6"]
[White "Bruno, Fabio"]
[Black "Caruana, Fabiano"]
[Result "1/2-1/2"]
[WhiteElo "2445"]
[BlackElo "2594"]
[PlyCount "239"]
[EventDate "2007.11.24"]
[EventType "tourn"]
[EventRounds "11"]
[EventCountry "ITA"]
[Source "lmi"]
[SourceDate "2007.11.24"]

1. d4 Nf6 2. Nf3 c5 3. c3 g6 4. Bg5 Bg7 5. Nbd2 d5 6. e3 O-O 7. Be2 b6 8. O-O
Bb7 9. b4 Nbd7 10. bxc5 bxc5 11. Rb1 Bc6 12. Bb5 Bxb5 13. Rxb5 Rb8 14. Rxb8
Qxb8 15. Qa4 Rc8 16. Bxf6 Nxf6 17. Rb1 Qc7 18. h3 Nd7 19. Qa6 Rb8 20. Rxb8+
Nxb8 21. Qb5 Nd7 22. dxc5 Nxc5 23. Qe8+ Bf8 24. Ng5 e5 25. Nxh7 Kxh7 26. Qxf8
Ne6 27. Qb4 a5 28. Qh4+ Kg7 29. c4 d4 30. exd4 exd4 31. Qe4 a4 32. Qd3 Qb6 33.
Qa3 Nc5 34. Nf3 d3 35. Qc3+ Kg8 36. Qd4 Qb1+ 37. Kh2 Ne6 38. Qf6 Qb8+ 39. g3
Qa7 40. c5 Nxc5 41. Qd8+ Kg7 42. Qd4+ Kg8 43. Ne5 Qe7 44. Nxd3 Nxd3 45. Qxd3
Qf6 46. Kg2 Qc6+ 47. Qf3 Qc4 48. a3 Qb3 49. h4 f5 50. Qe3 Kf7 51. Qc5 Qb7+ 52.
Kg1 Qb1+ 53. Kh2 Qb3 54. h5 gxh5 55. Qxf5+ Ke7 56. Qe5+ Kf8 57. Qe3 Kf7 58. Kh3
Qc4 59. Kg2 Qb3 60. Qc5 Kg6 61. Qd6+ Kf7 62. Kf1 Qc4+ 63. Ke1 Qc2 64. Qd5+ Kg6
65. Qe6+ Kg7 66. Qe3 Kg6 67. Qe6+ Kg7 68. Qe7+ Kg6 69. Kf1 Qd1+ 70. Kg2 Qd5+
71. Kh2 Qb3 72. Qf8 Qe6 73. Kg2 Qd5+ 74. f3 Qe6 75. Qc5 Qe2+ 76. Qf2 Qd3 77.
Qb2 Qb3 78. Qc1 Qa2+ 79. Kf1 Qb3 80. Qc6+ Kg7 81. Qd7+ Kg6 82. Qd6+ Kf5 83. Kg2
Qc4 84. Qe7 Qb5 85. Qf7+ Kg5 86. f4+ Kh6 87. Qf6+ Kh7 88. Qf7+ Kh6 89. Qf6+ Kh7
90. Qe5 Qc6+ 91. Kh2 Qf3 92. Qf5+ Kg7 93. Qg5+ Kh7 94. Qf5+ Kg7 95. Qg5+ Kf7
96. Qf5+ Kg7 97. Qd7+ Kg6 98. Qd6+ Kg7 99. Qe5+ Kf7 100. f5 Qxa3 101. Qe6+ Kg7
102. Qg6+ Kf8 103. Qh6+ Kg8 104. Qe6+ Kg7 105. Kh3 Qf3 106. Qe7+ Kg8 107. Qe8+
Kg7 108. Qe7+ Kg8 109. Qe8+ Kg7 110. Qe7+ Kg8 111. Qe8+ Kg7 112. Qd7+ Kg8 113.
Qe6+ Kg7 114. Qg6+ Kf8 115. Qf6+ Kg8 116. Qg6+ Kf8 117. Qh6+ Kg8 118. Qg6+ Kf8
119. Qh6+ Kg8 120. Qg6+ 1/2-1/2

[Event "67. Campionato Italiano Assoluto"]
[Site "Martina Franca (ITA)"]
[Date "2007.12.01"]
[Round "8.2"]
[White "Manca, Federico"]
[Black "Bruno, Fabio"]
[Result "1-0"]
[WhiteElo "2405"]
[BlackElo "2445"]
[PlyCount "79"]
[EventDate "2007.11.24"]
[EventType "tourn"]
[EventRounds "11"]
[EventCountry "ITA"]
[Source "lmi"]
[SourceDate "2007.11.24"]

1. e4 e6 2. d4 d5 3. Nc3 Nf6 4. Bg5 dxe4 5. Nxe4 Be7 6. Bxf6 gxf6 7. Nf3 b6 8.
Bc4 Bb7 9. Qe2 c6 10. O-O-O Qc7 11. Rhe1 Nd7 12. g3 O-O-O 13. Ba6 Nf8 14. Bxb7+
Kxb7 15. Rd3 Ng6 16. c4 f5 17. Nc3 Bf6 18. Red1 Rd7 19. Kb1 Rhd8 20. Qe3 Qd6
21. a3 Qf8 22. Kc2 Qg7 23. Ne2 h5 24. R1d2 h4 25. Rd1 hxg3 26. hxg3 Qh8 27. Nf4
Qh6 28. Nxe6 f4 29. Nxd8+ Rxd8 30. Qe4 Rd6 31. Ne5 Re6 32. Nxf7 Rxe4 33. Nxh6
Re2+ 34. R3d2 Rxd2+ 35. Rxd2 Bg5 36. Nf7 Bf6 37. Nd6+ Kb8 38. Ne4 Bd8 39. g4
Kc7 40. Rd1 1-0

[Event "67. Campionato Italiano Assoluto"]
[Site "Martina Franca (ITA)"]
[Date "2007.12.01"]
[Round "8.3"]
[White "Garcia Palermo, Carlos H"]
[Black "Contin, Daniel"]
[Result "1-0"]
[WhiteElo "2459"]
[BlackElo "2318"]
[PlyCount "65"]
[EventDate "2007.11.24"]
[EventType "tourn"]
[EventRounds "11"]
[EventCountry "ITA"]
[Source "lmi"]
[SourceDate "2007.11.24"]

1. d4 e6 2. c4 Nf6 3. Nc3 Bb4 4. e3 c5 5. Nge2 b6 6. a3 Ba5 7. Bd2 Bxc3 8. Bxc3
O-O 9. dxc5 bxc5 10. Ng3 d5 11. Nh5 Nbd7 12. cxd5 exd5 13. Bb5 Nxh5 14. Qxh5 d4
15. exd4 cxd4 16. Bxd4 Nf6 17. Qe5 Bd7 18. Bxd7 Qxd7 19. O-O-O Rfe8 20. Qg3 Qf5
21. Qd3 Qf4+ 22. Kb1 Rad8 23. Be3 Qb8 24. Qf5 Rxd1+ 25. Rxd1 Ne4 26. Ka1 Qb3
27. Qd5 Qc2 28. Rc1 Nf6 29. Qxf7+ Kxf7 30. Rxc2 a6 31. Rc7+ Kg6 32. Ra7 Re6 33.
Bd4 1-0

[Event "67. Campionato Italiano Assoluto"]
[Site "Martina Franca (ITA)"]
[Date "2007.12.01"]
[Round "8.4"]
[White "Genocchio, Daniele"]
[Black "Brunello, Sabino"]
[Result "1-0"]
[WhiteElo "2433"]
[BlackElo "2489"]
[PlyCount "81"]
[EventDate "2007.11.24"]
[EventType "tourn"]
[EventRounds "11"]
[EventCountry "ITA"]
[Source "lmi"]
[SourceDate "2007.11.24"]

1. d4 Nf6 2. Nc3 d5 3. Bg5 c5 4. Bxf6 exf6 5. e3 Nc6 6. dxc5 Be6 7. Bb5 Bxc5 8.
Nge2 O-O 9. O-O Rc8 10. Nf4 Ne7 11. Ba4 Qd6 12. Bb3 Rfd8 13. Qf3 Bb4 14. Ncxd5
Nxd5 15. Rad1 Qe5 16. Bxd5 Bxd5 17. Rxd5 Rxd5 18. Qxd5 Rxc2 19. Qxb7 Bf8 20.
Nd3 Qa5 21. a3 h5 22. Rd1 Rd2 23. Rxd2 Qxd2 24. Qb3 h4 25. h3 Bd6 26. Kf1 g5
27. a4 Kg7 28. Ne1 Be5 29. Qc2 Qd7 30. Nf3 a5 31. b3 Qd6 32. Ke2 Ba1 33. Nd2
Qa3 34. Nc4 Qb4 35. Kd1 Bc3 36. Ke2 Be1 37. Qd1 Bc3 38. Nd6 Be5 39. Nf5+ Kg8
40. Qd8+ Kh7 41. Ne7 1-0

[Event "67. Campionato Italiano Assoluto"]
[Site "Martina Franca (ITA)"]
[Date "2007.12.01"]
[Round "8.5"]
[White "Mogranzini, Roberto"]
[Black "Rombaldoni, Denis"]
[Result "0-1"]
[WhiteElo "2415"]
[BlackElo "2402"]
[PlyCount "154"]
[EventDate "2007.11.24"]
[EventType "tourn"]
[EventRounds "11"]
[EventCountry "ITA"]
[Source "lmi"]
[SourceDate "2007.11.24"]

1. e4 c6 2. d4 d5 3. e5 Bf5 4. h4 h6 5. g4 Bd7 6. Nd2 c5 7. dxc5 Qc7 8. f4 h5
9. g5 e6 10. Nb3 Bxc5 11. Nxc5 Qxc5 12. Nf3 Nc6 13. a3 Nge7 14. Bd3 a5 15. Qe2
Nd4 16. Nxd4 Qxd4 17. c3 Qc5 18. Be3 Qc7 19. Qf2 g6 20. Bc5 Bc6 21. Qd4 Nc8 22.
a4 b6 23. Ba3 Qd7 24. b3 b5 25. Kf2 bxa4 26. bxa4 Bxa4 27. f5 gxf5 28. Bxf5 Bb5
29. Rhb1 Bc4 30. Bc2 a4 31. Bc5 Qc6 32. Rb4 Bb3 33. Bd3 Ra5 34. Bb6 Nxb6 35.
Rxb6 Qc7 36. Qb4 Qxe5 37. Rb8+ Kd7 38. Qb7+ Kd6 39. Qb6+ Ke7 40. Qb4+ Kd7 41.
Rxh8 Qxh8 42. Qxa5 Qe5 43. Qa7+ Ke8 44. Bb5+ Kf8 45. Qc5+ Kg8 46. Rg1 Qf5+ 47.
Ke1 Qb1+ 48. Ke2 Qc2+ 49. Kf1 Qb1+ 50. Kg2 Qe4+ 51. Kh3 Qf3+ 52. Kh2 Qf4+ 53.
Rg3 Qxh4+ 54. Kg2 Qe4+ 55. Kg1 Qe1+ 56. Kh2 h4 57. Rf3 Qe5+ 58. Kg1 Qxg5+ 59.
Kh2 Qe5+ 60. Kh3 Bc2 61. Qg1+ Kf8 62. Qf2 Bf5+ 63. Kxh4 Qh8+ 64. Kg3 Qe5+ 65.
Kh4 Qf6+ 66. Kg3 Qe5+ 67. Rf4 Qxc3+ 68. Kh2 a3 69. Bf1 Qb2 70. Kg1 Qg7+ 71. Bg2
Qa1+ 72. Kh2 a2 73. Qc5+ Kg7 74. Qa3 Qe5 75. Qg3+ Kf8 76. Qa3+ Kg8 77. Qg3+ Bg6
0-1